Human impacts on eutrophication and extinction of Jašteričie Lake (Biosphere Reserve - Slovak Karst)

Bibliographic Details
Main Authors: Hudec, Igor, 1951- (Author), Košel, Vladimír, 1946- (Author), Rozložník, Mikuláš, 1940- (Author)
Format: Article
Language:Slovak
English
PhysicalDescription:Obr. 2, tab. 3, res. angl., slov., lit. 14 zázn. v angl., češ., nem., slov.
Subjects:

MARC

LEADER 00000nab a2200000 a 4500
001 vtls000570639
003 SK-MaSNL
005 20260304102420.0
008 250425c1995 xo 0 slo
015 |a SNBRB19rr/mm-uuuuu 
035 |a CL0570777 
035 |a urn:nbn:sk:snk-ab9yxd 
035 |a (urnnbn)urn:nbn:sk:snk:ar-a095h7 
035 |a (uuid)b0684630-4016-4e00-aaeb-f862be19908f 
040 |a SNKBUCL  |b slo  |c SNKBUCL  |e AACR2 
041 0 |a eng 
044 |a xo  |c SK 
080 |a 574.5(437.6):591.524.1:556.55  |2 1981 
080 |a 591.524.1  |2 1981 
080 |a 556.55  |2 1981 
080 |a 504.54.05(437.6)  |2 1981 
100 1 |a Hudec, Igor,  |d 1951-  |4 aut  |9 28767 
245 1 0 |a Human impacts on eutrophication and extinction of Jašteričie Lake (Biosphere Reserve - Slovak Karst)  |c Igor Hudec, Vladimír Košel, Mikuláš Rozložník 
300 |b Obr. 2, tab. 3, res. angl., slov., lit. 14 zázn. v angl., češ., nem., slov. 
650 0 7 |a zooplanktón  |2 snkbucl  |9 20307 
651 7 |a Jašteričie jazero (Slovensko)  |2 snkbucl  |9 159445 
651 7 |a Národný park Slovenský kras (Slovensko)  |2 snkbucl  |9 73258 
655 7 |a články z novín a časopisov  |2 snkbucl  |9 267496 
700 1 |a Košel, Vladimír,  |d 1946-  |4 aut  |9 113572 
700 1 |a Rozložník, Mikuláš,  |d 1940-  |4 aut  |9 46601 
773 0 |t Ekológia  |g Roč. 14, č. 4 (1995), s. 459-466 
850 |a Slovenská národná knižnica 
852 |a Slovenská národná knižnica 
958 |a article13 
958 |a NB 
958 |a RK 
958 |a ME 
958 |a SK 
958 |a OND 
958 |a EUIPO 
992 |a RBX 
999 |c 2844913  |d 2846843